Moderní metody řízení informačních systémů
Na minha lista:
| Autor principal: | |
|---|---|
| Formato: | Livro |
| Idioma: | tcheco |
| Publicado em: |
Praha
Grada
1992
|
| Edição: | 1. vyd. |
| Colecção: | Nestůjte za dveřmi
|
| Assuntos: | |
| Tags: |
Sem tags, seja o primeiro a adicionar uma tag!
|
MARC
| LEADER | 00000nam a2200000 4500 | ||
|---|---|---|---|
| 001 | c003158 | ||
| 005 | 20221206083404.8 | ||
| 020 | |a 80-85623-07-2 | ||
| 041 | 0 | |a cze | |
| 044 | |a CZ | ||
| 245 | 1 | 0 | |a Moderní metody řízení informačních systémů |c Zdeněk Molnár |
| 250 | |a 1. vyd. | ||
| 264 | 1 | |a Praha |b Grada |c 1992 | |
| 300 | |a 347 s. | ||
| 490 | 1 | |a Nestůjte za dveřmi | |
| 830 | 0 | |a Nestůjte za dveřmi | |
| 610 | 2 | 0 | |a systémy informačné |
| 610 | 2 | 0 | |a riadenie vrcholové |
| 610 | 2 | 0 | |a systémy expertné |
| 610 | 2 | 0 | |a automatizácia administratívy |
| 610 | 2 | 0 | |a METIS |
| 610 | 2 | 0 | |a inžinierstvo softvérové |
| 610 | 2 | 0 | |a inžinierstvo informačné |
| 610 | 2 | 0 | |a BSP |
| 610 | 2 | 0 | |a PQM |
| 610 | 2 | 0 | |a technológie informačné |
| 610 | 2 | 0 | |a MERODE |
| 610 | 2 | 0 | |a ochrana dát |
| 610 | 2 | 0 | |a človek-počítač |
| 100 | 1 | |a Molnár, Zdeněk | |